Statistics for Good Kid Band Song Quiz

Click here to take the quiz!

General Stats

  • This quiz has been taken 48 times
  • The average score is 14 of 19

Answer Stats

Song HintAnswer% Correct
First song ever releasedNomu
95%
Abbreviation: TMYKTell Me You Know
92%
PlanetsOrbit
89%
Based off Studio GhibiliMimi's Delivery Service
86%
"We talked We talked about it all night"Witches
86%
SpeedFaster
84%
Based of Donkey KongDown With The King
81%
SnowmanFirst Rate Town
81%
Tick TockNo Time To Explain
78%
Diffusion of waterOsmosis
76%
Most popular song on EP 1Alchemist
73%
Last song on EP 1Atlas
70%
A virus or diseasePox
70%
You do this when you are tired and try to stay awakeDrifting
68%
This can be used as a weaponSlingshot
68%
Drink Up!Aloe Lite
65%
Legendary Cowboy LegendGround
62%
"Ill go wherever you go"Madeleine
62%
"Lost ______, _________"Everything Everything
57%

Score Distribution

Percentile by Number Answered

Percent of People with Each Score

Your Score History

You have not taken this quiz